000 01079cam a2200229 4500500
005 20260208001800.0
041 _afre
042 _adc
100 1 0 _aLaporte, Chrystelle
_eauthor
245 0 0 _aEt l'humain dans tout ça ?
260 _c2009.
500 _a87
520 _aRésuméIci, j’aborde l’accompagnement dans ses valeurs d’humanité, de responsabilité, de vide « à ne pas combler » en opposition avec la société de consommation, et sa « douce-amère illusion » que le bonheur est un objet comme les autres, qui s’achète. Y perlent les contours, les détours, les ratures...Y germe mon idée de jonglage, d’entre-deux. Je pointe aussi en quoi les fondements de l’accompagnement sont aujourd’hui mis en danger.
690 _adanger
690 _aentre-deux
690 _ajonglage
690 _aratures
690 _asociété de consommation
690 _avaleurs
786 0 _nEmpan | 74 | 2 | 2009-08-11 | p. 35-40 | 1152-3336
856 4 1 _uhttps://shs.cairn.info/revue-empan-2009-2-page-35?lang=fr&redirect-ssocas=7080
999 _c1645220
_d1645220